000 02500 a2200229 4500
003 BJBSDDR
005 20260303132609.0
007 ta
008 030326t2011 mau 00| 0 eng d
020 _a9780674417021
040 _beng
_cBJBSDDR
041 _aeng
050 _bOt89w 2011
100 1 _aOtt, Julia C.
_947291
245 1 _aWhen Wall Street met Main Street :
_bthe quest for an investors' democracy /
_cJulia C. Ott.
260 _aCambridge, Massachusetts :
_bHarvard University Press,
_c2011.
300 _a313 pages :
_billustration ;
_c24 cm.
505 _aIntroduction : the quest for an investors' democracy The problem with financial securities The "free and open market" responds "Be a stockholder in victory!" Mobilizing the financial nation The postwar struggle for the financial nation Swords into shares The corporate quest for shareholder democracy Finance joins the quest for shareholder democracy "The people's market" Epilogue : the enduring quest
520 _aThe financial crisis that began in 2008 has made Americans keenly aware of the enormous impact Wall Street has on the economic well-being of the nation and its citizenry. How did financial markets and institutions - commonly perceived as marginal and elitist at the beginning of the twentieth century - come to be seen as the bedrock of American capitalism? How did stock investment--once considered disreputable and dangerous--first become a mass practice? Julia Ott tells the story of how, between the rise of giant industrial corporations and the Crash of 1929, the federal government, corporations, and financial institutions campaigned to universalize investment, with the goal of providing individual investors with a stake in the economy and the nation. As these distributors of stocks and bonds established a broad, national market for financial securities, they debated the distribution of economic power, the proper role of government, and the meaning of citizenship under modern capitalism. By 1929, the incidence of stock ownership had risen to engulf one quarter of American households in the looming financial disaster. Accordingly, the federal government assumed responsibility for protecting citizen-investors by regulating the financial securities markets. By recovering the forgotten history of this initial phase of mass investment and the issues surrounding it, Ott enriches and enlightens contemporary debates over economic reform
942 _2lcc
_cBK
_n0
946 _idpf
999 _c126504
_d126504